Zeolite molecular sieves: structure, chemistry, and use /

Bibliographic Details
Main Author: Breck, Donald W.
Format: Book
Language:English
Published: New York : Wiley, [1973]
Subjects:

MARC

Tag First Indicator Second Indicator Subfields
LEADER 00000cam a2200000 4500
001 in00000095017
005 20150927110622.0
008 730702c19731974nyua b 00110 eng
010 |a  73011028  
020 |a 0471099856 
035 |a (OCoLC)00672217 
035 |9 AAL6897AM 
040 |a DLC  |c DLC  |d TXA  |d UtOrBLW 
049 |a TXAM  |c [719345] 
050 0 0 |a TP159.M6  |b B7 
082 0 |a 660.2/8423 
100 1 |a Breck, Donald W. 
245 1 0 |a Zeolite molecular sieves: structure, chemistry, and use /  |c [by] Donald W. Breck. 
264 1 |a New York :  |b Wiley,  |c [1973] 
264 4 |c [©1974] 
300 |a ix, 771 pages :  |b illustrations ;  |c 24 cm. 
336 |a text  |b txt  |2 rdacontent 
337 |a unmediated  |b n  |2 rdamedia 
338 |a volume  |b nc  |2 rdacarrier 
500 |a "A Wiley-Interscience publication." 
504 |a Includes bibliographical references. 
650 0 |a Molecular sieves. 
650 0 |a Zeolites. 
999 |a MARS 
999 f f |s 5b701895-1e06-39d3-9ab9-c6753321b6a4  |i 3f9927af-65aa-3595-9499-e3576921d77e  |t 0 
952 f f |p normal  |a Texas A&M University  |b College Station  |c Sterling C. Evans Library  |s Evans stk  |d Evans: Library Stacks  |t 0  |e TP159.M6 B7  |h Library of Congress classification  |i unmediated -- volume  |m A14827017148 
952 f f |p normal  |a Texas A&M University  |b College Station  |c Sterling C. Evans Library  |s Evans stk  |d Evans: Library Stacks  |t 0  |e TP159.M6 B7  |h Library of Congress classification  |i unmediated -- volume  |m A14827017041 
998 f f |a TP159.M6 B7  |t 0  |l Evans: Library Stacks 
998 f f |a TP159.M6 B7  |t 0  |l Evans: Library Stacks